<?xml version="1.0" encoding="UTF-8"?>
<record
    xmlns:xsi="http://www.w3.org/2001/XMLSchema-instance"
    xsi:schemaLocation="http://www.loc.gov/MARC21/slim http://www.loc.gov/standards/marcxml/schema/MARC21slim.xsd"
    xmlns="http://www.loc.gov/MARC21/slim">

  <leader>00815nab a2200217uuc4500</leader>
  <controlfield tag="001">1515974</controlfield>
  <controlfield tag="005">20240820090258.0</controlfield>
  <controlfield tag="008">190129s2018                        eng  </controlfield>
  <datafield tag="035" ind1=" " ind2=" ">
    <subfield code="a">1515974</subfield>
  </datafield>
  <datafield tag="040" ind1=" " ind2=" ">
    <subfield code="c">comduadb</subfield>
  </datafield>
  <datafield tag="041" ind1=" " ind2=" ">
    <subfield code="a">eng</subfield>
  </datafield>
  <datafield tag="100" ind1="1" ind2="0">
    <subfield code="a">P&#xE9;rez Mu&#xF1;oz, Diego</subfield>
    <subfield code="4">aut</subfield>
    <subfield code="e">aut</subfield>
    <subfield code="9">778637</subfield>
  </datafield>
  <datafield tag="245" ind1="1" ind2="0">
    <subfield code="a">Corrosion protection in saline environment of a carbon steel coated (aluminium &amp; three-layer painting system) by eats</subfield>
  </datafield>
  <datafield tag="650" ind1=" " ind2=" ">
    <subfield code="a">Aluminio</subfield>
    <subfield code="9">32148</subfield>
  </datafield>
  <datafield tag="650" ind1=" " ind2=" ">
    <subfield code="a">Corrosi&#xF3;n</subfield>
    <subfield code="9">19065</subfield>
  </datafield>
  <datafield tag="650" ind1=" " ind2="7">
    <subfield code="a">Pintura</subfield>
    <subfield code="2">lemb</subfield>
    <subfield code="9">1020</subfield>
  </datafield>
  <datafield tag="700" ind1="1" ind2="0">
    <subfield code="a">Marulanda Ar&#xE9;valo, Jos&#xE9; Luddey</subfield>
    <subfield code="4">aut</subfield>
    <subfield code="e">aut</subfield>
    <subfield code="9">439935</subfield>
  </datafield>
  <datafield tag="700" ind1="1" ind2="0">
    <subfield code="a">Moreno T&#xE9;llez, Carlos Mauricio</subfield>
    <subfield code="4">aut</subfield>
    <subfield code="e">aut</subfield>
    <subfield code="9">619628</subfield>
  </datafield>
  <datafield tag="773" ind1="0" ind2=" ">
    <subfield code="t">Revista Facultad de Ingenier&#xED;a (Medell&#xED;n)</subfield>
    <subfield code="g">N&#xFA;mero 89, Octubre-Diciembre de 2018, p&#xE1;ginas 26-33</subfield>
    <subfield code="w">120998</subfield>
    <subfield code="x">0120-6230</subfield>
    <subfield code="0">67890</subfield>
  </datafield>
  <datafield tag="942" ind1=" " ind2=" ">
    <subfield code="c">ARIMP</subfield>
  </datafield>
  <datafield tag="999" ind1=" " ind2=" ">
    <subfield code="c">794931</subfield>
    <subfield code="d">794931</subfield>
  </datafield>
</record>
